00178nam a22000737a 4500020001800000100002100018245002200039260004300061 a9781465409676 aSophie la girafe aSophie's Busy Day aNew YorkbDorling Kindersley Publisher